00861nam a22002652 450000100060000000300080000600500170001400800390003102000150007003500190008504000270010404100080013108200200013910000470015924500400020626000300024630000360027649000320031250000200034450400300036465000280039494200120042299900170043495201440045116898BD-RjUL20211209000050.0140215s1971 enka b 001 0 eng a0177617179 a(BD-RjUL)16953 aDLCcDLCdBD-RjULbeng aeng00a667.2bALC 19711 aAllen, Reginald Lancelot Mountford.95215910aColour chemistry /cR. L. M. Allen. aLondon :bNelson,cc1971. axii, 336 p. :billus. ;c24 cm.0 aStudies in modern chemistry aIncludes index. aBibliography: p. 314-319. 0aDyes and dyeing.952098 2ddccBK c16898d16898 00102ddc40718NFICaRUCLbRUCLcReadingd1980-11-12eHeffers and sonsg8.75l0o667.2 ALC 1971r2014-02-15 00:00:00tC-1w2014-02-15yBK